Novela y dolor de Guatemala
Guardat en:
| Autor principal: | |
|---|---|
| Format: | Desconegut |
| Publicat: |
Madrid:
Ediciones Hispánica,
|
| Matèries: | |
| Etiquetes: |
Afegir etiqueta
Sense etiquetes, Sigues el primer a etiquetar aquest registre!
|
MARC
| LEADER | 000000000a22000000004500 | ||
|---|---|---|---|
| 001 | 000018 | ||
| 041 | 0 | |a español | |
| 100 | 1 | |a Aycinena, Luis | |
| 245 | 1 | 0 | |a Novela y dolor de Guatemala |
| 260 | |a Madrid: |b Ediciones Hispánica, | ||
| 310 | |a bimestral | ||
| 650 | 4 | |a ASTURIAS, MIGUEL ANGEL, (1899-1974) | |
| 650 | 4 | |a EL SEÑOR PRESIDENTE | |
| 650 | 4 | |a LITERATURA GUATEMALTECA | |
| 650 | 4 | |a NOVELA | |
| 650 | 4 | |a CRITICAS | |
| 773 | 0 | |t Cuadernos Hispanoamericanos | |
| 773 | 0 | |g 5 | |
| 773 | 0 | |g 14 | |
| 773 | 0 | |g c1950 | |
| 773 | 0 | |g 375-378 páginas | |
| 999 | |c 771 |d 771 | ||
